000 01904cam a22003254a 4500
001 16499268
003 PILC
005 20150228083723.0
008 101013s2011 flua b 001 0 eng
010 _a 2010042148
020 _a9780849370526 (hardback)
020 _a0849370523 (hardback)
035 _a(OCoLC)ocn671491692
040 _aDLC
_cDLC
_dYDX
_dYDXCP
_dDLC
042 _apcc
050 0 0 _aTK 5105.59
_b.T553 2011
082 0 0 _a658.4/78
084 _aCOM053000
_aCOM032000
_aBUS073000
_2bisacsh
100 1 _aTiller, James S.
245 1 0 _aAdaptive security management architecture /
_cJames S. Tiller.
260 _aBoca Raton, FL :
_bAuerbach Publications,
_cc2011.
300 _axxiv, 458 pages :
_billustrations ;
_c25 cm.
504 _aIncludes an index.
520 _a"To take the next step in information security, Adaptive Security Management Architecture provides a comprehensive approach to managing people, process, and technology through the sound application of metrics. This book demonstrates how to develop a balanced strategy for meeting security challenges and enhancing the business in addressing threats and compliance. Describing how the different facets of a secure IT system are related, it integrates IT security with business, using managerial measures of performance such as balanced scorecards and applying business risk analysis. The text also focuses on customer satisfaction to stress the importance of IT as a part of business rather than as a separate entity"--Provided by publisher.
650 0 _aComputer networks
_xSecurity measures.
906 _a7
_bcbc
_corignew
_d1
_eecip
_f20
_gy-gencatlg
942 _2lcc
_cBK
999 _c283649
_d283649